Provision of welfare facilities during construction work (Record no. 110637)
[ view plain ]
| 000 -LEADER | |
|---|---|
| fixed length control field | 01073cad a22002175a 4500 |
| 001 - CONTROL NUMBER | |
| control field | E149811 |
| 008 - FIXED-LENGTH DATA ELEMENTS--GENERAL INFORMATION | |
| fixed length control field | 100429s2010 xxk f 000 0 eng d |
| 035 ## - SYSTEM CONTROL NUMBER | |
| System control number | (Sirsi) u149811 |
| 041 0# - LANGUAGE CODE | |
| Language code of text/sound track or separate title | eng |
| 110 2# - MAIN ENTRY--CORPORATE NAME | |
| Corporate name or jurisdiction name as entry element | Great Britain |
| Subordinate unit | Health and Safety Executive |
| 245 00 - TITLE STATEMENT | |
| Title | Provision of welfare facilities during construction work |
| Medium | [electronic resource] |
| 260 ## - PUBLICATION, DISTRIBUTION, ETC. | |
| Place of publication, distribution, etc. | Sudbury |
| Name of publisher, distributor, etc. | HSE |
| Date of publication, distribution, etc. | 2010 |
| 490 #0 - SERIES STATEMENT | |
| Series statement | Construction Information Sheet |
| Volume/sequential designation | 59 |
| 490 #0 - SERIES STATEMENT | |
| Series statement | HSE Information Sheet |
| 520 ## - SUMMARY, ETC. | |
| Summary, etc. | Intended for dutyholders involved in construction work, this information sheet offers guidance on the minimum welfare facilities that must be made available to workers on construction sites. Replaces previous guidance contained in "Provision of welfare facilities at transient construction sites" and "Provision of welfare facilities at fixed construction sites". |
| 590 ## - LOCAL NOTE (RLIN) | |
| Local note | KA |
| 651 #4 - SUBJECT ADDED ENTRY--GEOGRAPHIC NAME | |
| Geographic name | Great Britain |
| Chronological subdivision | 1707- |
| 690 ## - LOCAL SUBJECT ADDED ENTRY--TOPICAL TERM (OCLC, RLIN) | |
| Topical term or geographic name as entry element | Health and safety |
| 9 (RLIN) | 6244 |
| 856 40 - ELECTRONIC LOCATION AND ACCESS | |
| Uniform Resource Identifier | <a href="https://www.hse.gov.uk/pubns/cis59.pdf">https://www.hse.gov.uk/pubns/cis59.pdf</a> |
| Public note | View the guidance free of charge (pdf file) at www.hse.gov.uk |
| 942 ## - ADDED ENTRY ELEMENTS (KOHA) | |
| Suppress in OPAC | 0 |
| Withdrawn status | Lost status | Source of classification or shelving scheme | Damaged status | Not for loan | Home library | Current library | Shelving location | Date acquired | Total Checkouts | Full call number | Barcode | Date last seen | Copy number | Price effective from | Koha item type |
|---|---|---|---|---|---|---|---|---|---|---|---|---|---|---|---|
| Dewey Decimal Classification | Virtual | Virtual | Online | 29/04/2010 | ONLINE PUBLICATION | 149811-2001 | 06/08/2019 | 1 | 06/08/2019 | Book |